01058cam a22002531 4500001001300000003000400013005001700017008004100034010001700075035002000092040004600112050002200158110006300180245013000243260009300373300002600466490005400492490004800546500001700594650004700611830004500658830008400703999001700787sd 63000007 DLC20260227112736.0921016s1963 dcua f000 0 eng c asd 63000007  a(OCoLC)26796227 aU.S. Dept. of State. LibrarycDSdDSdDLC00aJX1706b.A75 19631 aUnited States.bDepartment of State.bOffice of Personnel.14aThe Foreign Service Staff;ba career in the U.S. Department of State.c[By the Bureau of Administration, Office of Personnel. aWashington,bFor sale by the Superintendent of Documents, U.S. Govt. Print. Off.,c1963] a28 p.billus.c20 cm.1 a[United States] Dept. of State. Publicationv75351 aDepartment and Foreign Service series,v114 aCover title. 0aDiplomatic and consular service, American. 0aDepartment of State publication ;v7535. 0aDepartment of State publication.pDepartment and Foreign Service series ;v114. c90090d90090